Szőregi számvetés

Elmentve itt :
Bibliográfiai részletek
Szerző: Péter László
Dokumentumtípus: Cikk
Megjelent: 1991-11-27
Sorozat:Délmagyarország 81 No. 278
Kulcsszavak:Szeged-Szőreg, Közigazgatás városigazgatás leválás, Városigazgatás városrészi önkormányzatok
Online Access:http://dmarchiv.bibl.u-szeged.hu/98764
LEADER 00533nab a2200157 i 4500
001 delm98764
005 20190927090411.0
008 190927s1991 hu o 0|| hun d
040 |a SZTE Délmagyarország Archívum  |b hun 
041 |a hun 
100 1 |a Péter László 
245 1 0 |a Szőregi számvetés  |h [elektronikus dokumentum] /  |c  Péter László 
260 |c 1991-11-27 
300 |a 6 
490 0 |a Délmagyarország  |v 81 No. 278 
695 |a Szeged-Szőreg, Közigazgatás városigazgatás leválás, Városigazgatás városrészi önkormányzatok